Online
Catalog

Edward Albee / (Record no. 2977)

MARC details
000 -CABECERA
campo de control de longitud fija 00849nam a2200253 a 4500
001 - NÚMERO DE CONTROL
campo de control 000003146
005 - FECHA Y HORA DE LA ÚLTIMA TRANSACCIÓN
campo de control 20200929150338.0
008 - DATOS DE LONGITUD FIJA--INFORMACIÓN GENERAL
campo de control de longitud fija 691126s1969 ag b 001 0 spa
040 ## - FUENTE DE LA CATALOGACIÓN
Centro catalogador/agencia de origen DO-SdBNP
Lengua de catalogación spa
Centro/agencia transcriptor BNPHU
082 ## - NÚMERO DE LA CLASIFICACIÓN DECIMAL DEWEY
Número de clasificación 928
Número de documento/Ítem A479e
100 1# - ENTRADA PRINCIPAL--NOMBRE DE PERSONA
Nombre de persona Amacher, Richard E.
9 (RLIN) 9925
240 10 - TÍTULO UNIFORME
Título uniforme Edward Albee.
Lenguaje de la obra Español
245 10 - MENCIÓN DE TÍTULO
Título Edward Albee /
Mención de responsabilidad, etc. Richard E. Amacher; Traductor, León Mirlas; Corrector, José Orríes e Ibars; Ilustracción, Blanca Medda.
260 ## - PUBLICACIÓN, DISTRIBUCIÓN, ETC.
Lugar de publicación, distribución, etc. Buenos Aires :
Nombre del editor, distribuidor, etc. Fabril,
Fecha de publicación, distribución, etc. 1969.
300 ## - DESCRIPCIÓN FÍSICA
Extensión 248 p. ;
Dimensiones 19 cm.
490 1# - MENCIÓN DE SERIE
Mención de serie Testimonios
534 ## - NOTA SOBRE LA VERSIÓN ORIGINAL
Mención de título del original Edward Albee
504 ## - NOTA DE BIBLIOGRAFÍA, ETC.
Nota de bibliografía, etc. Incluye referencias bibliográficas.
600 14 - PUNTO DE ACCESO ADICIONAL DE MATERIA--NOMBRE DE PERSONA
Subdivisión general CRÍTICA E INTERPRETACIÓN
9 (RLIN) 9926
700 1# - PUNTO DE ACCESO ADICIONAL--NOMBRE DE PERSONA
Nombre de persona Mirlas, León
Término indicativo de función/relación tr.
9 (RLIN) 4754
700 1# - PUNTO DE ACCESO ADICIONAL--NOMBRE DE PERSONA
Nombre de persona Orríes e Ibars, José
Término indicativo de función/relación cor.
9 (RLIN) 9927
700 1# - PUNTO DE ACCESO ADICIONAL--NOMBRE DE PERSONA
Nombre de persona Medda, Blanca
Término indicativo de función/relación il.
9 (RLIN) 9928
830 #0 - PUNTO DE ACCESO ADICIONAL DE SERIE-TÍTULO UNIFORME
Título uniforme Testimonios
9 (RLIN) 1293
Holdings
Estado de retiro Estado de pérdida Restricciones de uso No para préstamo Código de colección Localización permanente Ubicación/localización actual Ubicación en estantería Fecha de adquisición Número de inventario Total de préstamos Signatura topográfica completa Código de barras Fecha visto por última vez Precio válido a partir de Tipo de ítem Koha Número de copia
      Excluido de préstamo Monografías: Libros y Folletos General General Depósito 06.07.2009 LF1   928 A479e 3146-10 25.06.2020 25.06.2020 No se presta  
  Extraviado   Excluido de préstamo Monografías: Libros y Folletos General General Extraviado 29.03.2017 LF1   928 A479e 3146-20 25.06.2020 25.06.2020 No se presta e. 2

Powered by Koha